Redescubriendo a Tagore: con el motivo del 150 aniversario del natalicio del vate indio (biografía) / editores: Shyama Prasad Ganguly; Indranil Chakravarty
Đã lưu trong:
| Định dạng: | Sách |
|---|---|
| Ngôn ngữ: | Undetermined |
| Được phát hành: |
Mumbai, India
ILACI
2011
|
| Những chủ đề: | |
| Các nhãn: |
Thêm thẻ
Không có thẻ, Là người đầu tiên thẻ bản ghi này!
|
MARC
| LEADER | 00000nam a2200000Ia 4500 | ||
|---|---|---|---|
| 008 | 170316s9999 xx 000 0 und d | ||
| 090 | |a 800-I R-3r | ||
| 245 | |a Redescubriendo a Tagore: con el motivo del 150 aniversario del natalicio del vate indio (biografía) / editores: Shyama Prasad Ganguly; Indranil Chakravarty | ||
| 260 | |a Mumbai, India | ||
| 260 | |b ILACI | ||
| 260 | |c 2011 | ||
| 300 | |a 404 páginas | ||
| 650 | |a OTRAS LITERATURAS | ||
| 650 | |a LITERATURA INDIA | ||
| 650 | |a TAGORE RABINDRANATH | ||
| 650 | |a BIOGRAFÍA | ||
| 650 | |a EN IDIOMA ESPAÑOL | ||
| 999 | |c 19906 |d 19906 | ||
| 040 | |a cru BVZT | ||
| 942 | |c 15 D |h 800-I R-3r |2 z | ||
